[Event "RUS-ch Rapid"]
[Site "Sochi"]
[Date "2023.10.16"]
[Round "8"]
[White "Dzhumagaliev, Yan"]
[Black "Isaev, Anton"]
[Result "1-0"]
[WhiteElo "2411"]
[BlackElo "2156"]
[PlyCount "111"]
[EventDate "2023.10.15"]
[EventType "swiss (rapid)"]
[EventRounds "11"]
[EventCountry "RUS"]
[SourceTitle "Mega2024 Update 01"]
[Source "Chessbase"]
[SourceDate "2023.11.12"]
[SourceVersion "1"]
[SourceVersionDate "2023.11.12"]
[SourceQuality "1"]

1. d4 Nf6 2. Nf3 d5 3. c4 e6 4. g3 a6 5. cxd5 exd5 6. Bg2 Bd6 7. 0-0 0-0 8. Nc3 c6 9. Ne5 Re8 10. Nd3 Bf5 11. Nf4 Nbd7 12. a4 a5 13. Qb3 Rb8 14. f3 Nf8 15. Bd2 Bb4 16. e3 Ne6 17. Rf2 Nxf4 18. gxf4 c5 19. Nb5 c4 20. Qd1 Qe7 21. Re2 Nh5 22. Re1 Bd3 23. Bc3 Rbc8 24. Qd2 f5 25. Rad1 Rc6 26. b3 Re6 27. bxc4 Bxc4 28. e4 fxe4 29. fxe4 dxe4 30. Bxb4 axb4 31. f5 Rf6 32. Rxe4 Qxe4 33. Bxe4 Rxe4 34. d5 Rxf5 35. d6 Be2 36. h3 Bxd1 37. d7 Bb3 38. d8Q+ Rf8 39. Qxf8+ Kxf8 40. Qd6+ Kf7 41. Qc7+ Kg6 42. Qxb7 Re1+ 43. Kf2 Re6 44. a5 Rf6+ 45. Ke3 Nf4 46. Nc7 Bc4 47. Qe4+ Kg5 48. Qxc4 Ng2+ 49. Ke2 Nf4+ 50. Kd1 Rd6+ 51. Kc2 b3+ 52. Kxb3 Rd3+ 53. Kb4 Rxh3 54. Ne6+ Nxe6 55. Qxe6 Rh4+ 56. Kb5 1-0

[Event "RUS-ch Rapid"]
[Site "Sochi"]
[Date "2023.10.15"]
[Round "4"]
[White "Oganian, Miran"]
[Black "Isaev, Anton"]
[Result "1/2-1/2"]
[WhiteElo "2433"]
[BlackElo "2156"]
[PlyCount "50"]
[EventDate "2023.10.15"]
[EventType "swiss (rapid)"]
[EventRounds "11"]
[EventCountry "RUS"]
[SourceTitle "Mega2024 Update 01"]
[Source "Chessbase"]
[SourceDate "2023.11.12"]
[SourceVersion "1"]
[SourceVersionDate "2023.11.12"]
[SourceQuality "1"]

1. d4 Nf6 2. c4 e6 3. g3 d5 4. Nf3 a6 5. Bg2 dxc4 6. Ne5 c5 7. Na3 cxd4 8. Naxc4 Bc5 9. Bd2 0-0 10. 0-0 Nbd7 11. Nd3 Qe7 12. Rc1 Nd5 13. Nxc5 Qxc5 14. Ne3 Qb6 15. Nxd5 exd5 16. Rc2 Nf6 17. Bf4 Bf5 18. Rd2 Rfe8 19. Rxd4 Qxb2 20. Rd2 Qb6 21. Bxd5 Nxd5 22. Rxd5 Bg4 23. Be3 Qb2 24. Qd2 Qxd2 25. Rxd2 Rad8 1/2-1/2

[Event "RUS-ch Blitz"]
[Site "Sochi"]
[Date "2023.10.14"]
[Round "1"]
[White "Isaev, Anton"]
[Black "Khismatullin, Denis Rimovich"]
[Result "0-1"]
[WhiteElo "2156"]
[BlackElo "2579"]
[PlyCount "48"]
[EventDate "2023.10.14"]
[EventType "swiss (blitz)"]
[EventRounds "13"]
[EventCountry "RUS"]
[SourceTitle "Mega2024 Update 01"]
[Source "Chessbase"]
[SourceDate "2023.11.12"]
[SourceVersion "1"]
[SourceVersionDate "2023.11.12"]
[SourceQuality "1"]

1. d4 Nf6 2. c4 e6 3. Nf3 a6 4. g3 b5 5. b3 c5 6. Bg2 Bb7 7. 0-0 bxc4 8. bxc4 cxd4 9. Nxd4 Bxg2 10. Kxg2 Be7 11. Qa4 0-0 12. Rd1 Qc7 13. Ba3 Bxa3 14. Nxa3 Ne4 15. Qb3 Nc6 16. Qf3 f5 17. Nb3 Ne5 18. Qf4 Rf7 19. Rac1 g5 20. Qe3 Ng4 21. Qd4 Nexf2 22. Nc5 Qc6+ 23. e4 e5 24. Qd5 Ne3+ 0-1

[Event "Cheliabinsk Kurnosov Memorial Rapid"]
[Site "Cheliabinsk"]
[Date "2023.09.10"]
[Round "10"]
[White "Isaev, Anton"]
[Black "Panov, Ivan"]
[Result "1/2-1/2"]
[WhiteElo "2118"]
[BlackElo "2069"]
[PlyCount "95"]
[EventDate "2023.09.08"]
[EventType "swiss (rapid)"]
[EventRounds "11"]
[EventCountry "RUS"]
[SourceTitle "EXT 2024"]
[Source "ChessBase"]
[SourceDate "2023.10.10"]
[SourceVersion "1"]
[SourceVersionDate "2023.10.10"]
[SourceQuality "1"]

1. d4 d5 2. Nf3 e6 3. c4 c6 4. g3 dxc4 5. Bg2 b5 6. 0-0 Nd7 7. a4 Bb7 8. b3 cxb3 9. Qxb3 a6 10. Ne5 Nxe5 11. dxe5 Qc7 12. Nc3 b4 13. Ne4 c5 14. Nd6+ Bxd6 15. exd6 Qd7 16. Bxb7 Qxb7 17. Be3 Nf6 18. Bxc5 a5 19. Bd4 0-0 20. Bxf6 gxf6 21. Rfd1 Qe4 22. e3 Rfd8 23. Rd4 Qe5 24. Rad1 Rac8 25. d7 Rc3 26. Qb2 f5 27. Qe2 Rc7 28. Qh5 Qf6 29. e4 fxe4 30. Qxa5 Rc2 31. R4d2 b3 32. Qb5 Qh6 33. Re2 Rc1 34. Ree1 Rxd1 35. Rxd1 e3 36. Qb6 exf2+ 37. Qxf2 Qg5 38. Qd4 Qf5 39. Rf1 e5 40. Rxf5 exd4 41. Rb5 Rxd7 42. Rxb3 d3 43. Rb1 d2 44. Rd1 Rd4 45. Kf2 Kg7 46. a5 Ra4 47. Rxd2 Rxa5 48. Kf3 1/2-1/2

[Event "Cheliabinsk Kurnosov Memorial Rapid"]
[Site "Cheliabinsk"]
[Date "2023.09.09"]
[Round "8"]
[White "Isaev, Anton"]
[Black "Ovetchkin, Roman"]
[Result "0-1"]
[WhiteElo "2118"]
[BlackElo "2518"]
[PlyCount "88"]
[EventDate "2023.09.08"]
[EventType "swiss (rapid)"]
[EventRounds "11"]
[EventCountry "RUS"]
[SourceTitle "EXT 2024"]
[Source "ChessBase"]
[SourceDate "2023.10.10"]
[SourceVersion "1"]
[SourceVersionDate "2023.10.10"]
[SourceQuality "1"]

1. e4 c6 2. d4 d5 3. exd5 cxd5 4. Bd3 Nc6 5. c3 Qc7 6. Ne2 Bg4 7. 0-0 e6 8. Qe1 Bxe2 9. Qxe2 Nf6 10. Nd2 Bd6 11. Nf3 0-0 12. Bg5 Nd7 13. Bh4 Rfe8 14. Bg3 Rab8 15. Rfe1 g6 16. Qd2 Kg7 17. Bxd6 Qxd6 18. h4 e5 19. dxe5 Ndxe5 20. Nxe5 Rxe5 21. Rxe5 Qxe5 22. Re1 Qf6 23. h5 Rd8 24. h6+ Kf8 25. Bb5 Ne7 26. Qe3 a6 27. Ba4 b5 28. Bb3 Nf5 29. Qf4 Qd6 30. Qg5 d4 31. cxd4 Nxd4 32. Bd5 f6 33. Qe3 Nf5 34. Qc3 Qxd5 35. Qxf6+ Kg8 36. g4 Nxh6 37. Re7 Qd1+ 38. Kg2 Qxg4+ 39. Kh2 Qh5+ 40. Kg2 Qh2+ 41. Kf3 Qxf2+ 42. Kxf2 Ng4+ 43. Kg2 Nxf6 44. Re6 Kf7 0-1

[Event "Cheliabinsk Kurnosov Memorial Rapid"]
[Site "Cheliabinsk"]
[Date "2023.09.09"]
[Round "4"]
[White "Remizov, Yaroslav"]
[Black "Isaev, Anton"]
[Result "1/2-1/2"]
[WhiteElo "2440"]
[BlackElo "2118"]
[PlyCount "62"]
[EventDate "2023.09.08"]
[EventType "swiss (rapid)"]
[EventRounds "11"]
[EventCountry "RUS"]
[SourceTitle "EXT 2024"]
[Source "ChessBase"]
[SourceDate "2023.10.10"]
[SourceVersion "1"]
[SourceVersionDate "2023.10.10"]
[SourceQuality "1"]

1. e4 c5 2. Nf3 d6 3. d4 cxd4 4. Nxd4 Nf6 5. Nc3 Nc6 6. Bg5 Bd7 7. Be2 Qa5 8. Bxf6 gxf6 9. 0-0 Nxd4 10. Qxd4 Rc8 11. Rad1 Qc5 12. Qd3 h5 13. h3 h4 14. Bg4 Bxg4 15. hxg4 Bh6 16. Qf3 Rg8 17. Rd5 Qc6 18. Qf5 Qd7 19. Rfd1 Rg5 20. Qxd7+ Kxd7 21. Rxg5 fxg5 22. Rd2 Bg7 23. Nd1 b5 24. c3 a5 25. Ne3 e6 26. Kf1 Be5 27. Ke2 Bf4 28. Rd3 Bxe3 29. Kxe3 f6 30. Rd4 e5 31. Rd1 Rc5 1/2-1/2

[Event "Eurasia Cup op"]
[Site "Ekaterinburg"]
[Date "2019.08.08"]
[Round "9"]
[White "Isaev, Anton"]
[Black "Gashev, Matvei"]
[Result "1/2-1/2"]
[WhiteElo "2191"]
[BlackElo "1846"]
[PlyCount "82"]
[EventDate "2019.07.31"]
[EventType "swiss"]
[EventRounds "9"]
[EventCountry "RUS"]
[SourceTitle "EXT 2020"]
[Source "ChessBase"]
[SourceDate "2019.10.17"]
[SourceVersion "1"]
[SourceVersionDate "2019.10.17"]
[SourceQuality "1"]

1. Nf3 c5 2. b3 d5 3. Bb2 Nc6 4. e3 Bg4 5. Be2 e6 6. c4 Nf6 7. 0-0 Be7 8. cxd5 exd5 9. d4 0-0 10. dxc5 Bxc5 11. Nc3 a6 12. h3 Bh5 13. Na4 Be7 14. Nd4 Bg6 15. Nxc6 bxc6 16. Rc1 Qd6 17. Bd4 Ne4 18. Nc5 a5 19. Nxe4 Bxe4 20. Bd3 Bxd3 21. Qxd3 Rfc8 22. Bc5 Qxc5 23. Rxc5 Bxc5 24. Rc1 Bf8 25. e4 dxe4 26. Qxe4 c5 27. g3 Re8 28. Qc6 Rec8 29. Qb5 Rcb8 30. Qc4 a4 31. Rc3 axb3 32. Rxb3 Rb4 33. Qe2 Rxb3 34. axb3 Rb8 35. Qc2 h5 36. Kg2 Rb4 37. f3 g6 38. f4 f5 39. Qe2 Kh7 40. Qe6 Bg7 41. Qf7 Rd4 1/2-1/2

[Event "Eurasia Cup op"]
[Site "Ekaterinburg"]
[Date "2019.08.07"]
[Round "7"]
[White "Isaev, Anton"]
[Black "Radzhabov, Rodion"]
[Result "0-1"]
[WhiteElo "2191"]
[BlackElo "2404"]
[PlyCount "110"]
[EventDate "2019.07.31"]
[EventType "swiss"]
[EventRounds "9"]
[EventCountry "RUS"]
[SourceTitle "CBM 191 Extra"]
[Source "ChessBase"]
[SourceDate "2019.09.30"]
[SourceVersion "1"]
[SourceVersionDate "2019.09.30"]
[SourceQuality "1"]

1. d4 Nf6 2. Nf3 e6 3. c4 Bb4+ 4. Bd2 Qe7 5. g3 Bxd2+ 6. Qxd2 Nc6 7. b3 d5 8. Bg2 0-0 9. Nc3 Rd8 10. 0-0 dxc4 11. bxc4 e5 12. d5 Na5 13. Nb5 Nxc4 14. Qc3 Nd6 15. Nxc7 Rb8 16. Rfc1 e4 17. Nd4 Bg4 18. Qa5 a6 19. h3 Bh5 20. Rc3 h6 21. Rac1 Kh7 22. Qa3 Rd7 23. Kh2 Rc8 24. Qa5 Qd8 25. g4 Bxg4 26. hxg4 Nxg4+ 27. Kg1 Qf6 28. Nf3 exf3 29. exf3 Ne5 30. Bh3 Nxf3+ 31. Rxf3 Qg5+ 32. Kh2 Qxc1 33. Nb5 axb5 34. Bxd7 Rc5 35. Bh3 Rxd5 36. Qb4 Qc7 37. Qf4 Qe7 38. Re3 Qg5 39. Qf3 Rd4 40. Qe2 Qf6 41. Rg3 Rf4 42. f3 g6 43. Qe3 Nc4 44. Qe2 Ne5 45. Bg2 b4 46. Rh3 Kg7 47. Rg3 h5 48. Rh3 h4 49. Qe3 Rc4 50. Qe2 Qf4+ 51. Kg1 Rc1+ 52. Bf1 Rc3 53. Bg2 g5 54. Qf2 Nc4 55. Bf1 Ne3 0-1

[Event "Eurasia Cup op"]
[Site "Ekaterinburg"]
[Date "2019.08.05"]
[Round "5"]
[White "Isaev, Anton"]
[Black "Bivol, Alina"]
[Result "1/2-1/2"]
[WhiteElo "2191"]
[BlackElo "2391"]
[PlyCount "114"]
[EventDate "2019.07.31"]
[EventType "swiss"]
[EventRounds "9"]
[EventCountry "RUS"]
[SourceTitle "CBM 191 Extra"]
[Source "ChessBase"]
[SourceDate "2019.09.30"]
[SourceVersion "1"]
[SourceVersionDate "2019.09.30"]
[SourceQuality "1"]

1. e4 e6 2. d4 d5 3. exd5 exd5 4. Nf3 Nf6 5. Bg5 Be7 6. Bd3 Bg4 7. 0-0 0-0 8. Nbd2 c5 9. dxc5 Bxc5 10. c3 Bb6 11. Qa4 Nbd7 12. Qxg4 Nxg4 13. Bxd8 Raxd8 14. Bf5 Ngf6 15. Nb3 g6 16. Bc2 Rfe8 17. Rfe1 Ne4 18. Nfd4 Ndf6 19. a4 a6 20. Bd3 Nd6 21. Nd2 Nd7 22. Kf1 Ne5 23. Be2 Bxd4 24. cxd4 Nc6 25. Nb3 Nc4 26. Bxc4 Rxe1+ 27. Rxe1 dxc4 28. Nc5 b6 29. Nxa6 Rxd4 30. Ke2 c3 31. bxc3 Rxa4 32. Nc7 Ne5 33. h3 Ra2+ 34. Ke3 Ra5 35. Rd1 Nc4+ 36. Kd4 Nd6 37. Rb1 Nf5+ 38. Kd3 Rc5 39. Na6 Rc6 40. g4 Ne7 41. c4 Rd6+ 42. Ke3 g5 43. Nc7 Rh6 44. Nd5 Nc8 45. f3 Kg7 46. Rb3 Rxh3 47. Nxb6 Ne7 48. Nd5 Nc6 49. c5 h5 50. gxh5 g4 51. Ke4 Rxh5 52. f4 f5+ 53. Kd3 Rh3+ 54. Ne3 g3 55. Rb7+ Kf8 56. Rb1 Kf7 57. Kc4 Rh4 1/2-1/2

[Event "Izmailov Memorial op 17th"]
[Site "Tomsk"]
[Date "2013.06.11"]
[Round "1"]
[White "Smirnov, Pavel"]
[Black "Isaev, Anton"]
[Result "1-0"]
[WhiteElo "2635"]
[BlackElo "2072"]
[PlyCount "63"]
[EventDate "2013.06.11"]
[EventType "swiss"]
[EventRounds "9"]
[EventCountry "RUS"]
[SourceTitle "CBM 154 Extra"]
[Source "ChessBase"]
[SourceDate "2013.06.25"]
[SourceVersion "2"]
[SourceVersionDate "2013.06.25"]
[SourceQuality "1"]

1. d4 d5 2. c4 c6 3. Nc3 Nf6 4. e3 g6 5. Nf3 Bg7 6. Be2 0-0 7. 0-0 dxc4 8. Bxc4 Bg4 9. Be2 Nbd7 10. e4 Bxf3 11. Bxf3 e5 12. dxe5 Nxe5 13. Be2 Qb6 14. Qc2 Rfd8 15. Be3 Qb4 16. a3 Qe7 17. h3 Qe6 18. Rad1 Nc4 19. Rxd8+ Rxd8 20. Bxa7 Nxb2 21. Qxb2 Nxe4 22. Qb6 Ra8 23. Nxe4 Qxe4 24. Qxb7 Rxa7 25. Qxa7 Qxe2 26. Qa8+ Bf8 27. a4 Qe4 28. a5 Kg7 29. a6 Bd6 30. a7 Qe5 31. g3 Qc5 32. Qb8 1-0

[Event "Izmailov Memorial op 16th"]
[Site "Tomsk"]
[Date "2012.08.13"]
[Round "8"]
[White "Isaev, Anton"]
[Black "Labutin, Danila"]
[Result "1/2-1/2"]
[WhiteElo "2025"]
[BlackElo "2099"]
[PlyCount "135"]
[EventDate "2012.08.06"]
[EventType "swiss"]
[EventRounds "9"]
[EventCountry "RUS"]
[SourceTitle "CBM 149 Extra"]
[Source "ChessBase"]
[SourceDate "2012.08.24"]
[SourceVersion "1"]
[SourceVersionDate "2012.08.24"]
[SourceQuality "1"]

1. Nf3 d5 2. d4 Nc6 3. Bf4 Bg4 4. e3 e6 5. c4 Nf6 6. Nc3 Bb4 7. Rc1 0-0 8. h3 Bxf3 9. Qxf3 Qe7 10. Bg5 Bxc3+ 11. Rxc3 Qb4 12. Bxf6 Qxb2 13. Rb3 Qc1+ 14. Qd1 Qxd1+ 15. Kxd1 gxf6 16. Rxb7 Rfc8 17. cxd5 exd5 18. Bd3 Rab8 19. Rxb8 Rxb8 20. Kc1 Nb4 21. Bb1 Rb5 22. Rd1 h6 23. Rd2 c5 24. dxc5 Rxc5+ 25. Kb2 Nc6 26. Bc2 Rb5+ 27. Bb3 Na5 28. Ka3 Nxb3 29. axb3 a5 30. Rc2 Kg7 31. Rc3 Kf8 32. Ka4 d4 33. exd4 Rg5 34. g4 Rd5 35. Re3 f5 36. gxf5 Rxf5 37. Re5 Rxf2 38. Kxa5 f5 39. b4 f4 40. b5 f3 41. b6 Ra2+ 42. Kb5 f2 43. Rf5+ Ke7 44. b7 Rb2+ 45. Kc6 Rc2+ 46. Kd5 Rb2 47. Rxf2 Rxb7 48. Rf4 Rb6 49. Kc5 Ra6 50. d5 Ra3 51. Rh4 Ra6 52. Rg4 Ra3 53. h4 Rc3+ 54. Kd4 Rc1 55. Ke5 Re1+ 56. Re4 Rh1 57. Kd4+ Kd7 58. Ke3 Kd6 59. Rd4 Rh3+ 60. Kf2 Ra3 61. Rg4 Kxd5 62. Rg6 Ke5 63. Rxh6 Kf5 64. Kg2 Kg4 65. Rh8 Rg3+ 66. Kf2 Rf3+ 67. Kg2 Rg3+ 68. Kf2 1/2-1/2

[Event "Izmailov Memorial op 16th"]
[Site "Tomsk"]
[Date "2012.08.06"]
[Round "1"]
[White "Gutov, Andrey"]
[Black "Isaev, Anton"]
[Result "1-0"]
[WhiteElo "2412"]
[BlackElo "2025"]
[PlyCount "81"]
[EventDate "2012.08.06"]
[EventType "swiss"]
[EventRounds "9"]
[EventCountry "RUS"]
[SourceTitle "CBM 149 Extra"]
[Source "ChessBase"]
[SourceDate "2012.08.24"]
[SourceVersion "1"]
[SourceVersionDate "2012.08.24"]
[SourceQuality "1"]

1. d4 d5 2. c4 c6 3. Nc3 Nf6 4. e3 e6 5. Nf3 Bd6 6. Bd3 0-0 7. e4 dxe4 8. Nxe4 Nxe4 9. Bxe4 Nd7 10. 0-0 h6 11. Bc2 e5 12. Qd3 f5 13. c5 Be7 14. Qc4+ Kh8 15. Nxe5 Nxe5 16. dxe5 Qd5 17. Qxd5 cxd5 18. Be3 f4 19. Bd4 f3 20. g3 Bh3 21. Rfc1 Bg5 22. Rd1 h5 23. Bb3 Rad8 24. Rd3 h4 25. Re1 Rf5 26. e6 Be7 27. Rde3 hxg3 28. hxg3 Kg8 29. Re5 g6 30. R1e3 Rdf8 31. Bc2 Rf4 32. gxf4 Rxf4 33. Rxf3 Rxf3 34. Bxg6 Rf4 35. Bf7+ Kf8 36. Be3 Rh4 37. Rxd5 Bf6 38. f3 Bxb2 39. Rd8+ Kg7 40. Rg8+ Kh7 41. e7 1-0

[Event "Tomsk-ch"]
[Site "Tomsk"]
[Date "2010.12.12"]
[Round "6"]
[White "Sviridov, Valery"]
[Black "Isaev, Anton"]
[Result "1/2-1/2"]
[WhiteElo "2246"]
[BlackElo "2164"]
[PlyCount "63"]
[EventDate "2010.12.06"]
[EventType "tourn"]
[EventRounds "11"]
[EventCountry "RUS"]
[SourceTitle "EXT 2022"]
[Source "ChessBase"]
[SourceDate "2021.10.06"]
[SourceVersion "1"]
[SourceVersionDate "2021.10.06"]
[SourceQuality "1"]

1. d4 d5 2. c4 c6 3. Nf3 Nf6 4. Nc3 dxc4 5. a4 Bf5 6. e3 e6 7. Bxc4 Bb4 8. 0-0 0-0 9. Qe2 Nbd7 10. e4 Bg6 11. e5 Nd5 12. Nxd5 cxd5 13. Bd3 Qb6 14. Bxg6 hxg6 15. Be3 Rfc8 16. Rfc1 Rc6 17. h4 Rac8 18. g4 Qa6 19. Qxa6 bxa6 20. Kf1 Nb6 21. b3 a5 22. Ke2 Nd7 23. Rxc6 Rxc6 24. Rc1 Nb8 25. Kd3 Kf8 26. h5 gxh5 27. gxh5 Rxc1 28. Bxc1 Nc6 29. Nh4 Kg8 30. Ng2 Kh7 31. Nf4 Ne7 32. Ne2 1/2-1/2